Ako sa tvorí peoplemetrový panel ?

Priebeh výberu kontrolných charakteristík panelu. Štruktúra peoplemetrového panelu. Multivariačná analýza, CHAID. Váženie ukazovateľov sledovanosti.

Salvato in:
Dettagli Bibliografici
Autore principale: Vallo, Andrej
Natura: Capitolo di libro
Lingua:slovacco
Soggetti:
Tags: Aggiungi Tag
Nessun Tag, puoi essere il primo ad aggiungerne!!

MARC

LEADER 00000naa$a2200000$$$4500
001 0012443
005 20231004064656.0
041 0 |a slo 
044 |a SK 
245 1 0 |a Ako sa tvorí peoplemetrový panel ?  |c aut. Andrej Vallo 
520 |a Priebeh výberu kontrolných charakteristík panelu. Štruktúra peoplemetrového panelu. Multivariačná analýza, CHAID. Váženie ukazovateľov sledovanosti. 
610 2 0 |a televízia 
610 2 0 |a peoplemetre 
100 1 |a Vallo, Andrej